000 00537nam a22001937a 4500
005 20220615112343.0
008 220615b ||||| |||| 00| 0 eng d
040 _cAL
041 _aEnglish
082 _223
_a951.505
_bTIBI
100 _aTibetan Youth Congress
_942577
245 _aIndian Public on Tibet
260 _aDharamsala
_bTibetan Youth Congress
_c1997
300 _a130 p.
_bPB
_c21x13 cm.
650 _aTibet
_942578
650 _aSino Indian Border
_942579
700 _aTIBETAN YOUTH CONGRESS
_942580
942 _2ddc
_cGF
999 _c223373
_d223373